header

The Pocket Essential American Civil War (Record no. 3707)

MARC details
000 -LEADER
fixed length control field 01127nam a2200313Ia 4500
082 04 - DEWEY DECIMAL CLASSIFICATION NUMBER
Classification number 973.7
100 1# - MAIN ENTRY--AUTHOR NAME
Personal name Davies, Phil.
245 14 - TITLE STATEMENT
Title The Pocket Essential American Civil War
260 ## - PUBLICATION, DISTRIBUTION, ETC. (IMPRINT)
Place of publication Harpenden :
Name of publisher Pocket Essentials,
Year of publication 2001.
300 ## - PHYSICAL DESCRIPTION
Number of Pages 96 p.
490 1# - SERIES STATEMENT
Series statement Pocket essentials
650 #0 - SUBJECT ADDED ENTRY--TOPICAL TERM
Topical Term Civil war.
856 40 - ELECTRONIC LOCATION AND ACCESS
Uniform Resource Identifier http://site.ebrary.com/lib/rucke/Doc?id=10005842

No items available.

© 2026 Rongo University
Contact us: librarian | system librarian | Rongo university